Sports Quiz

Random Sports or NFL Quiz

NFL Single Season Passing TDs Quiz Stats

 Plays Quiz Updated Jan 4, 2021

Support Sporcle.
Go Orange.
Score 0/58 Timer 06:00
19 Plays Today
TDs Player % Correct
55Peyton Manning
98.8%
37Peyton Manning
98.7%
39Tom Brady
98.7%
34Tom Brady
98.6%
49Peyton Manning
98.5%
39Peyton Manning
98.4%
50Tom Brady
98.4%
36Tom Brady
98.3%
40Tom Brady
97.9%
35Eli Manning
97.6%
46Drew Brees
93.7%
43Drew Brees
93.2%
34Drew Brees
93.2%
39Drew Brees
92.8%
50Patrick Mahomes
92.5%
37Drew Brees
92.1%
38Patrick Mahomes
91.7%
48Aaron Rodgers
90.8%
48Dan Marino
89.2%
44Dan Marino
89.2%
40Aaron Rodgers
85.9%
34Drew Brees
84.8%
38Aaron Rodgers
83.9%
39Brett Favre
82.8%
38Brett Favre
82.8%
35Brett Favre
82.8%
45Aaron Rodgers
82.4%
39Aaron Rodgers
81.9%
40Russell Wilson
77.4%
TDs Player % Correct
34Ben Roethlisberger
77%
36Steve Young
74.5%
35Steve Young
74.5%
38Matt Ryan
74.1%
35Russell Wilson
74.1%
35Matt Ryan
73.7%
34Russell Wilson
72.7%
41Matthew Stafford
68.2%
34Russell Wilson
67.2%
36Tom Brady
66.9%
35Cam Newton
66.8%
41Kurt Warner
66.5%
36Kurt Warner
66.5%
34Philip Rivers
64.4%
37Josh Allen
62.9%
34Tony Romo
61.8%
39Andrew Luck
61.6%
36Lamar Jackson
61.3%
35Carson Palmer
61.2%
40Andrew Luck
60.9%
39Daunte Culpepper
54.5%
36Tony Romo
52%
35Kirk Cousins
47.7%
34Randall Cunningham
35.7%
35Blake Bortles
28.3%
36Y.A. Tittle
23.2%
36George Blanda
11.6%
34Daryle Lamonica
7.8%
36Steve Beuerlein
7%

From the Vault

Find That Movie! II

by AdamL

Movies 8m
This may or may not be easier than finding a movie to watch on Netflix.
Remove Ads.
Support Sporcle.
Get the best of Sporcle when you Go Orange. This ad-free experience offers more features, more stats, and more fun while also helping to support Sporcle. Thank you for becoming a member.

Show Comments

Extras

Top Quizzes Today


Score Distribution

Your Account Isn't Verified!

In order to create a playlist on Sporcle, you need to verify the email address you used during registration. Go to your Sporcle Settings to finish the process.

Report this User

Report this user for behavior that violates our Community Guidelines.

Details: